000
00248nam a2200097Ia 4500
001
1007119
005
20250826230559.0
008
250824s9999 xx 000 0 und d
245
0
_a
DOMBİLLİ VE NİNE
_c
JUDİTH KERR
260
_b
HEP KİTAP YAYINLARI
999
_c
1007119
_d
1007119